[Event "AUTO-OPEN-4534"]
[Site "http://www.queenalice.com/game.php?id=1839018"]
[Date "2024.6.21"]
[Round "1"]
[White "arvo1938"]
[Black "kubinet"]
[Result "1-0"]
[WhiteElo "2170"]
[BlackElo "2095"]

1. e4 c5 2. Nf3 Nc6 3. Bb5 g6 4. O-O Bg7 5. Nc3 a6 6. Bxc6 bxc6 7. e5 Qc7 8. d4
cxd4 9. Qxd4 Bb7 10. Bf4 e6 11. Ne4 Ne7 12. Qd6 Qb6 13. Rfd1 Rd8 14. Be3 Qa5 15.
b4 Qb5 16. Bc5 Nc8 17. Qc7 Qe2 18. Nfg5 1-0

[Event "AUTO-OPEN-4534"]
[Site "http://www.queenalice.com/game.php?id=1839019"]
[Date "2024.6.21"]
[Round "1"]
[White "kubinet"]
[Black "Jsc"]
[Result "0-1"]
[WhiteElo "2069"]
[BlackElo "2016"]

1. e4 e6 2. d4 d5 3. Nc3 Nf6 4. Bg5 Be7 5. e5 Nfd7 6. Bxe7 Qxe7 7. Bd3 c5 8. Nb5
Nb6 9. Nd6+ Kd7 10. Bb5+ Nc6 11. dxc5 Nc4 12. b3 Na5 13. Qd2 a6 14. Qxa5 Rf8 15.
Qb6 axb5 16. Qxb5 Ra5 17. Qb6 Ra6 18. Qb5 Ra5 19. Qb6 Ra6 20. Qb5 Ra5 21. Qe2
Rxc5 22. f4 f6 23. Nxc8 Rxc8 24. Nf3 Nb4 25. Nd4 fxe5 26. fxe5 Qh4+ 27. Qf2
Qxf2+ 28. Kxf2 Nxc2 29. Nxc2 Rxc2+ 30. Kg3 R8c3+ 31. Kf4 Rf2+ 32. Kg4 Rxg2+ 33.
Kh4 g5+ 0-1

[Event "AUTO-OPEN-4534"]
[Site "http://www.queenalice.com/game.php?id=1839020"]
[Date "2024.6.21"]
[Round "1"]
[White "Jsc"]
[Black "kubinet"]
[Result "0-1"]
[WhiteElo "2053"]
[BlackElo "2035"]

1. e4 c5 2. c3 d5 3. exd5 Qxd5 4. c4 Qd8 5. d3 Nc6 6. Be3 b6 7. g3 Bb7 8. Bg2
Qd7 9. Nf3 g6 10. O-O Bg7 11. Nc3 e6 12. a3 Nge7 13. Rb1 O-O 14. Re1 Rad8 15.
Bf1 Nf5 16. Bc1 Ncd4 17. Bg2 Bc6 18. Ne4 Nxf3+ 19. Bxf3 Nd4 20. Bg2 Nf5 21. b4
cxb4 22. axb4 a6 23. Bb2 Qxd3 24. Nf6+ Bxf6 25. Bxf6 Qxd1 26. Rbxd1 Rxd1 27.
Rxd1 Bxg2 28. Kxg2 h5 29. h3 Rc8 30. g4 hxg4 31. hxg4 Ng7 32. Rd4 Ne8 33. Bd8 b5
34. c5 Kg7 35. Ba5 f5 36. gxf5 gxf5 37. Rd7+ Kf6 38. Ra7 Rc6 39. Bb6 e5 40. Rxa6
Nc7 41. Ra5 Ke6 42. Rxb5 Nxb5 0-1

[Event "AUTO-MASTER-3235"]
[Site "http://www.queenalice.com/game.php?id=1845517"]
[Date "2024.10.16"]
[Round "1"]
[White "kubinet"]
[Black "Magnaroc"]
[Result "1-0"]
[WhiteElo "2082"]
[BlackElo "1979"]

1. e4 e5 2. Nf3 Nc6 3. Bb5 a6 4. Ba4 Nf6 5. O-O Be7 6. Re1 b5 7. Bb3 d6 8. h3
Be6 9. c3 O-O 10. d4 exd4 11. cxd4 Bxb3 12. Qxb3 Na5 13. Qc2 Re8 14. a3 Nc4 15.
b3 Nb6 16. Nc3 h6 17. Bf4 Nfd7 18. Rad1 Bf8 19. e5 dxe5 20. Nxe5 Nxe5 21. Bxe5
1-0

[Event "AUTO-MASTER-3235"]
[Site "http://www.queenalice.com/game.php?id=1845518"]
[Date "2024.10.16"]
[Round "1"]
[White "Magnaroc"]
[Black "kubinet"]
[Result "0-1"]
[WhiteElo "1967"]
[BlackElo "2094"]

1. e4 c5 2. Nf3 Nc6 3. Bb5 g6 4. O-O Bg7 5. c3 d6 6. Bxc6+ bxc6 7. d4 cxd4 8.
cxd4 Qc7 9. h3 Nf6 10. Nc3 O-O 11. Re1 e5 12. dxe5 dxe5 13. Qe2 a5 14. a4 Ba6
15. Qe3 Rfd8 16. Qc5 Nd7 17. Qe3 Nf8 18. b3 Ne6 19. Rd1 Rxd1+ 20. Nxd1 Rd8 0-1

[Event "AUTO-MASTER-3235"]
[Site "http://www.queenalice.com/game.php?id=1845519"]
[Date "2024.10.16"]
[Round "1"]
[White "kubinet"]
[Black "cerenzo72"]
[Result "1-0"]
[WhiteElo "2062"]
[BlackElo "2168"]

1. e4 c5 2. Nf3 d6 3. d4 cxd4 4. Nxd4 Nf6 5. Nc3 Nc6 6. Bb5 Bd7 7. O-O e5 8. Nf3
Be7 9. Bg5 O-O 10. Bxf6 Bxf6 11. Qxd6 Be7 12. Qd2 Qc7 13. Nd5 Qd6 14. Rad1 Bg4
15. Qe3 Nd4 16. Nxd4 Bxd1 17. Nf5 Qd8 18. Nfxe7+ Kh8 19. Rxd1 a6 20. Bd3 Qd7 21.
Qg3 1-0

[Event "AUTO-MASTER-3235"]
[Site "http://www.queenalice.com/game.php?id=1845520"]
[Date "2024.10.16"]
[Round "1"]
[White "cerenzo72"]
[Black "kubinet"]
[Result "1-0"]
[WhiteElo "2166"]
[BlackElo "2104"]

1. e4 c5 2. d4 cxd4 3. Qxd4 Nc6 4. Qe3 d6 5. b3 Nf6 6. Bb2 e6 7. Nf3 Be7 8. Nbd2
O-O 9. c4 Qc7 10. a3 Bd7 11. Bd3 Ng4 12. Qe2 Bf6 13. Rb1 Bxb2 14. Rxb2 Nge5 15.
O-O Qa5 16. a4 Nb4 17. Nxe5 Qxe5 18. Nf3 Qc3 19. Rd1 Bc6 20. Bb1 Rad8 21. Nd4
Na6 22. Qd2 Qxd2 23. Rbxd2 Nc5 24. Nxc6 bxc6 25. Bc2 Nb7 26. b4 a5 27. b5 cxb5
28. cxb5 Rd7 29. f4 Rfd8 30. e5 d5 31. Bb3 g6 32. Rc2 d4 33. b6 d3 34. Rc7 Kf8
35. Kf2 Ke8 36. Bc4 Ke7 37. Rxd3 Nc5 38. Rdxd7+ Nxd7 39. Bb5 h6 40. b7 1-0

[Event "AUTO-MASTER-3235"]
[Site "http://www.queenalice.com/game.php?id=1845521"]
[Date "2024.10.16"]
[Round "1"]
[White "kubinet"]
[Black "yamato"]
[Result "0-1"]
[WhiteElo "2084"]
[BlackElo "2300"]

1. e4 e6 2. d4 d5 3. Nc3 dxe4 4. Nxe4 Nd7 5. Nf3 Ngf6 6. Bg5 Be7 7. Bxf6 Nxf6 8.
Nxf6+ Bxf6 9. c3 O-O 10. Bd3 b6 11. O-O Bb7 12. Re1 Qe7 13. Bc2 c5 14. Qd3 g6
15. Bb3 Bxf3 16. Qxf3 cxd4 17. cxd4 Bxd4 18. Rab1 Rad8 19. g3 Rd6 20. Qf4 Rfd8
21. Bc4 e5 22. Qf3 Kg7 23. Kg2 Rf6 24. Qe4 Rxf2+ 25. Kh1 f5 26. Qc6 Bxb2 27.
Rbd1 Rdd2 28. Rxd2 Rxd2 29. Re2 Rxe2 30. Bxe2 Bd4 31. Qd5 Bc5 32. Bc4 e4 33. Kg2
e3 34. Kf1 Kh6 35. Ke2 Qf6 36. Kf3 Qd4 37. Qxd4 Bxd4 38. h3 g5 39. h4 Kg6 40.
hxg5 Kxg5 41. a4 h5 42. Be2 Be5 43. Bf1 h4 44. gxh4+ Kxh4 45. Kxe3 Kg5 46. Kf3
Kf6 47. Bd3 Ke6 48. Ke3 Kd5 0-1

[Event "AUTO-MASTER-3235"]
[Site "http://www.queenalice.com/game.php?id=1845522"]
[Date "2024.10.16"]
[Round "1"]
[White "yamato"]
[Black "kubinet"]
[Result "1-0"]
[WhiteElo "2294"]
[BlackElo "2092"]

1. d4 d5 2. Nf3 Nf6 3. c4 e6 4. Nc3 Be7 5. cxd5 exd5 6. Bg5 O-O 7. Qc2 c6 8. e3
Nbd7 9. Bd3 h6 10. Bh4 Ne8 11. Bxe7 Qxe7 12. O-O Ndf6 13. Rab1 Nd6 14. h3 Nde4
15. Ne5 Nxc3 16. Qxc3 Be6 17. b4 a6 18. a4 Rac8 19. Rfc1 Ne4 20. Qc2 Nd6 21. Qb2
Bf5 22. Qc2 Bxd3 23. Qxd3 Ne4 24. Rc2 Rfd8 25. Qb3 Qg5 26. Rbc1 f6 27. Nf3 Qg6
28. b5 axb5 29. axb5 Qe8 30. bxc6 bxc6 31. Ne1 Rc7 32. Qb6 Rdc8 33. Nd3 Kh7 34.
Nc5 Ng5 35. Qb1 Qg6 36. Rb2 f5 37. Kf1 Ne4 38. Nd3 c5 39. dxc5 Rb7 40. Rcc2 Rxb2
41. Qxb2 Qa6 42. Qd4 Qb7 43. f3 Nf6 44. Kf2 Qc7 45. Qe5 Qd7 46. Nf4 Rc6 47. Nd3
g6 48. Rb2 1-0

[Event "AUTO-MASTER-3256"]
[Site "http://www.queenalice.com/game.php?id=1853569"]
[Date "2025.3.9"]
[Round "1"]
[White "Canaye14"]
[Black "kubinet"]
[Result "1-0"]
[WhiteElo "1867"]
[BlackElo "2081"]

1. d4 d5 2. Bf4 Nf6 3. Nf3 h6 4. h3 e6 5. e3 Bd6 6. Ne5 O-O 7. c3 c5 8. Bd3 Nc6
9. Nd2 c4 10. Bb1 Qc7 11. Qc2 Nxe5 12. dxe5 Bxe5 13. Bxe5 Qxe5 14. O-O b5 15.
Re1 Bb7 16. Nf3 Qc7 17. g4 Ne4 18. Nd4 a6 19. a4 Bc6 20. a5 g6 21. Nxc6 Qxc6 22.
Re2 Qd7 23. Qd1 Ng5 24. Kg2 Qe7 25. Bc2 Qf6 26. f4 Nh7 27. Qd2 Qh4 28. Rf1 h5
29. Rf3 hxg4 30. hxg4 Qxg4+ 31. Rg3 Qh4 32. Qd4 Qf6 33. Qd1 Kg7 34. Qg1 Qh4 35.
Kf1 Qe7 36. Rh2 Nf6 37. Qg2 Rh8 38. Rxg6+ fxg6 39. Qxg6+ 1-0

[Event "AUTO-MASTER-3256"]
[Site "http://www.queenalice.com/game.php?id=1853570"]
[Date "2025.3.9"]
[Round "1"]
[White "kubinet"]
[Black "Canaye14"]
[Result "1-0"]
[WhiteElo "2049"]
[BlackElo "1980"]

1. e4 e6 2. d4 d5 3. Nc3 dxe4 4. Nxe4 Nd7 5. Nf3 Ngf6 6. Bd3 Nxe4 7. Bxe4 Nf6 8.
Bg5 Be7 9. Bxf6 Bxf6 10. c3 h6 11. O-O c6 12. Bc2 Qb6 13. Rb1 O-O 14. Qd3 g6 15.
h4 Kg7 16. h5 Rg8 17. hxg6 Kf8 18. gxf7 Rg7 19. Qe3 Rxf7 20. Qxh6+ Bg7 21. Qe3
Bd7 22. b3 Qd8 23. Ng5 Rf6 24. Nh7+ Ke7 25. Nxf6 Bxf6 26. Rfe1 Qc7 27. c4 Rh8
28. g3 Qd8 29. d5 cxd5 30. cxd5 Qe8 31. dxe6 Bc6 32. Qc5+ Kd8 33. Qd6+ Kc8 34.
Be4 Be7 35. Bxc6 bxc6 36. Qd7+ Qxd7 37. exd7+ Kxd7 38. Rbd1+ Ke8 39. Re6 Rh7 40.
Rxc6 Rh5 41. Re1 Kd7 42. Ra6 Bc5 43. Kg2 Rf5 44. f4 Bb6 45. Kf3 Rc5 46. Ra4 Rc3+
47. Kg4 Bf2 48. Rd1+ Ke6 49. Rxa7 1-0

[Event "AUTO-MASTER-3256"]
[Site "http://www.queenalice.com/game.php?id=1853579"]
[Date "2025.3.9"]
[Round "1"]
[White "Pin"]
[Black "kubinet"]
[Result "1-0"]
[WhiteElo "2056"]
[BlackElo "2070"]

1. d4 d5 2. Nf3 Nf6 3. e3 e6 4. Bd3 Be7 5. O-O O-O 6. c3 c5 7. Nbd2 Nc6 8. dxc5
Bxc5 9. Nb3 Bd6 10. h3 a6 11. Re1 Qc7 12. Nbd4 b5 13. Nxc6 Qxc6 14. Nd4 Qc7 15.
Bd2 Bd7 16. Rc1 e5 17. Nf5 Bxf5 18. Bxf5 e4 19. Rf1 g6 20. Bg4 h5 21. Be2 Qe7
22. f3 exf3 23. Bxf3 Rad8 24. Qc2 Bc5 25. Rce1 Qd6 26. Bc1 Kg7 27. Rd1 Qe5 28.
Rde1 Ne4 29. a4 Ng3 30. Rf2 Nf5 31. b4 Bd6 32. a5 Rc8 33. Bb2 Qe6 34. Qd2 Bg3
35. c4+ Kh7 36. Bxd5 Bxf2+ 37. Qxf2 Qe7 38. c5 Qd7 39. e4 Ng7 40. Rf1 f5 41. c6
Qd6 42. Qd4 Rc7 43. Bc3 fxe4 44. Rxf8 Qxf8 45. Bxe4 Ne6 46. Qe5 Qg8 47. Qf6 Rc8
48. Bd5 Re8 49. Kh1 Qf8 50. Qxf8 Nxf8 51. Bf3 Ne6 52. Bf6 Nf4 53. Kh2 Nd3 54.
Bc3 Kg8 55. Bf6 Nxb4 56. c7 Kf7 57. Bd8 1-0

[Event "AUTO-MASTER-3256"]
[Site "http://www.queenalice.com/game.php?id=1853580"]
[Date "2025.3.9"]
[Round "1"]
[White "kubinet"]
[Black "Pin"]
[Result "1/2-1/2"]
[WhiteElo "2062"]
[BlackElo "2101"]

1. e4 c5 2. Nf3 d6 3. d4 cxd4 4. Nxd4 Nf6 5. Nc3 a6 6. Be2 e5 7. Nb3 Be6 8. O-O
Be7 9. Be3 O-O 10. f3 Nbd7 11. Qd2 Qc7 12. h3 Rfd8 13. Rad1 Rac8 14. Bd3 Nf8 15.
Qf2 Qb8 16. Ba7 Qa8 17. Bb6 Re8 18. f4 exf4 19. Qxf4 d5 20. exd5 Nxd5 21. Nxd5
Bxd5 22. Bd4 b5 23. Qg3 Ng6 24. Nd2 Bh4 25. Qg4 Be6 26. Bf5 Bxf5 27. Rxf5 Rxc2
28. Rh5 Be7 29. Bc3 b4 30. Bxb4 Bxb4 31. Nf3 Qa7+ 32. Kh1 Rxb2 33. Ng5 h6 34.
Nf3 Rxa2 35. Qxb4 Qf2 36. Qg4 Rae2 37. Rhd5 a5 38. Rxa5 Re1+ 39. Rxe1 Rxe1+ 40.
Kh2 Rc1 41. Ra8+ Kh7 42. Qe4 Rc2 43. Qg4 Qc5 44. Qg3 Qc7 1/2-1/2

[Event "AUTO-OPEN-4581"]
[Site "http://www.queenalice.com/game.php?id=1853744"]
[Date "2025.3.12"]
[Round "1"]
[White "alvm"]
[Black "kubinet"]
[Result "1-0"]
[WhiteElo "2174"]
[BlackElo "2026"]

1. d4 d5 2. c4 e6 3. Nc3 Nf6 4. Bg5 Be7 5. e3 O-O 6. Nf3 h6 7. Bh4 c6 8. cxd5
exd5 9. Bd3 Nbd7 10. O-O Re8 11. Rc1 Nf8 12. Re1 a6 13. e4 Bg4 14. e5 N6h7 15.
Bxe7 Qxe7 16. h3 Bh5 17. g4 Bg6 18. Na4 Nd7 19. Bxg6 fxg6 20. Qd3 Qe6 21. Nc5
Nxc5 22. dxc5 Nf8 23. Nd4 Qe7 24. f4 Ne6 25. Nxe6 Qxe6 26. f5 gxf5 27. gxf5 Qe7
28. Qg3 Kh8 29. b4 Rad8 30. Qg6 Qh4 31. Kg2 Qg5+ 32. Qxg5 hxg5 33. Kg3 Kh7 34.
Kg4 Kh6 35. Rc2 d4 36. h4 gxh4 37. Rh2 Kh7 38. Rxh4+ Kg8 39. e6 d3 40. Reh1 Kf8
41. Rd1 Rd4+ 42. Kg5 Red8 43. Rh8+ Ke7 44. Rh7 d2 45. Rxg7+ Ke8 46. Kf6 1-0

[Event "AUTO-OPEN-4581"]
[Site "http://www.queenalice.com/game.php?id=1853745"]
[Date "2025.3.12"]
[Round "1"]
[White "kubinet"]
[Black "alvm"]
[Result "0-1"]
[WhiteElo "2053"]
[BlackElo "2134"]

1. e4 c6 2. d4 d5 3. Nc3 dxe4 4. Nxe4 Bf5 5. Ng3 Bg6 6. h4 h6 7. h5 Bh7 8. Bd3
Bxd3 9. Qxd3 Nf6 10. Bf4 e6 11. O-O-O Be7 12. f3 Nbd7 13. Ne4 Nxe4 14. fxe4 Nf6
15. Nf3 O-O 16. Kb1 Ng4 17. Qd2 c5 18. d5 exd5 19. exd5 Bf6 20. Rhf1 Qb6 21. c3
Rfe8 22. d6 Rad8 23. Qc2 Ne3 24. Bxe3 Rxe3 25. d7 Rxc3 26. Qe2 Re3 27. Qf2 Re4
28. Rd2 Rb4 29. Ne5 a5 30. Nd3 Rd4 31. Rc1 R8xd7 32. Rcd1 c4 33. Nf4 Rxd2 34.
Rxd2 Qxf2 35. Rxf2 b5 36. Kc2 Bg5 37. Nh3 Bf6 38. Nf4 b4 0-1

[Event "AUTO-INT-3797"]
[Site "http://www.queenalice.com/game.php?id=1855480"]
[Date "2025.4.13"]
[Round "2"]
[White "mestre62"]
[Black "kubinet"]
[Result "0-1"]
[WhiteElo "1506"]
[BlackElo "2056"]

1. c4 Nf6 2. d3 d5 3. c5 e5 4. Nf3 Nc6 5. Bg5 Bxc5 6. e3 h6 7. Bxf6 gxf6 8. Be2
Bg4 9. O-O Qd7 10. Nh4 Bxe2 11. Qxe2 O-O-O 12. Nc3 Rhg8 13. Na4 Bd6 14. e4 Nd4
15. Qd1 Rg4 16. g3 Rdg8 17. Nc3 Rxh4 18. Nxd5 Qh3 19. Re1 Qxh2+ 20. Kf1 Qh1# 0-1

[Event "AUTO-INT-3797"]
[Site "http://www.queenalice.com/game.php?id=1855481"]
[Date "2025.4.13"]
[Round "2"]
[White "kubinet"]
[Black "mestre62"]
[Result "1-0"]
[WhiteElo "2081"]
[BlackElo "1533"]

1. e4 e5 2. Nf3 Nc6 3. Bb5 Bb4 4. O-O d6 5. d4 a6 6. Bxc6+ bxc6 7. dxe5 dxe5 8.
Nxe5 Bd7 9. Qf3 f6 10. Qh5+ g6 11. Nxg6 Ne7 12. Nxh8+ Ng6 13. Nxg6 hxg6 14.
Qxg6+ Ke7 15. a3 Bd6 16. Nd2 Be8 17. Qg7+ Bf7 18. Nf3 Ke6 19. Nd4+ Ke5 20. Nxc6+
Kxe4 21. Re1+ Kd5 22. Nxd8 Rxd8 23. Qxf7+ Kc6 24. Qxf6 Rb8 25. b4 Rf8 26. Qc3+
Kb7 27. Be3 Re8 28. h4 Be5 29. Bd4 Bxd4 30. Qxd4 Rxe1+ 31. Rxe1 1-0